Procedimiento de auditora̕ para la revisin̤ de operaciones de comercio exterior

Detalles Bibliográficos
Autor principal: Cabeza Garca̕, Luis Z.
Formato: eBook
Lenguaje:español
Publicado: Mx̌ico DF: Ediciones Fiscales ISEF, 2014
Materias:
Acceso en línea:Acceso restringido

MARC

LEADER 00000nam a22000007a 4500
005 20140524235446.0
007 cr|||| ||||
008 140525s2014 mx |||||s|||| 00||0 spa d
020 |a 978-368-726-793-5 
035 |a 12168 
040 |a vLex 
090 |c 4957  |d 4957 
100 1 |a Cabeza Garca̕, Luis Z. 
245 1 0 |a Procedimiento de auditora̕ para la revisin̤ de operaciones de comercio exterior  |h [Recurso electrn̤ico] /  |c Luis Z. Cabeza Garca̕ 
256 |a Servicio en ln̕ea 
260 |a Mx̌ico DF:  |b Ediciones Fiscales ISEF,  |c 2014 
300 |a 1 recurso electrn̤ico 
506 1 |a Disponible solo en los productos indicados  |d vLex Global  |d vLex Global (Academic Edition, excluding Law Schools)  |d vLex Global (U.S. Academic Edition, Law Schools)  |d vLex Global (U.S. Academic Edition, excluding Law Schools)  |d vLex Global (Academic Edition, Law Schools) 
650 0 4 |a Derecho Fiscal  |z Mx̌ico 
740 0 |a vLex Libros (Servicio en ln̕ea) 
856 4 0 |u http://vlex.com/source/procedimiento-auditoria-revision-operaciones-comercio-exterior-12168  |z Acceso restringido 
942 |c BOOK 
999 0 |a Tax Law